Public management and governance

Saved in:
Bibliographic Details
Other Authors: Bovaird, Tony, Löffler, Elke
Format: Book
Language:English
Published: Abingdon Routledge 2016
Edition:3rd ed.
Subjects:
Tags: Add Tag
No Tags, Be the first to tag this record!

MARC

LEADER 00000nam a2200000 4500
001 0236956
005 20221107101143.9
020 |a 978-0-415-50186-6 
041 0 |a eng 
044 |a GB 
245 1 0 |a Public management and governance  |c edited by Tony Bovaird and Elke Loeffler 
250 |a 3rd ed. 
264 1 |a Abingdon  |b Routledge  |c 2016 
300 |a xxvi, 420 s. 
610 2 0 |a správa verejná 
610 2 0 |a manažment verejnej správy 
610 2 0 |a správa štátna 
610 2 0 |a služba verejná 
610 2 0 |a služba štátna 
610 2 0 |a sektor verejný 
610 2 0 |a politika verejná 
610 2 0 |a marketing 
610 2 0 |a OECD 
610 2 0 |a riadenie strategické 
610 2 0 |a manažment finančný 
610 2 0 |a riadenie kvality 
610 2 0 |a vodcovstvo 
610 2 0 |a transparentnosť 
610 2 0 |a etika 
700 1 |a Bovaird, Tony 
700 1 |a Löffler, Elke